UCL Winners - Statistics

General Stats
  • This quiz has been taken 1,370 times
  • The average score is 16 of 22
Answer Stats
Hint Answer % Correct
13 Real Madrid
100%
5 FC Barcelona
98%
6 Liverpool
96%
7 AC Milan
95%
5 Bayern
95%
3 Manchester United
95%
1 Chelsea
89%
2 Internazionale
89%
2 Juventus
84%
4 Ajax
80%
1 Borussia Dortmund
79%
2 Oporto
77%
2 Nottingham Forest
74%
2 Benfica
70%
1 Olympique Marseille
62%
1 Aston Villa
60%
1 PSV Eindhoven
53%
1 Red Star
50%
1 Celtic
47%
1 Hamburger SV
41%
1 Feyenoord
38%
1 Steaua Bucarest
9%
No matching quizzes found
Score Distribution
Percent of People with Each Score
Percentile by Number Answered
Your Score History
You have not taken this quiz